LIBRARY & INFORMATION CENTRE, KCAET, TAVANUR

ONLINE PUBLIC ACCESS CATALOGUE (OPAC)

Electric and diesel electric locomotives / (Record no. 2414)

MARC details
000 -LEADER
fixed length control field 00427cam a2200169ua 4500
041 ## - LANGUAGE CODE
Language code of text/sound track or separate title eng
082 ## - DEWEY DECIMAL CLASSIFICATION NUMBER
Classification number 629.25
Item number HIN/EL
100 ## - MAIN ENTRY--AUTHOR NAME
Personal name Hinde, D.W .
245 ## - TITLE STATEMENT
Title Electric and diesel electric locomotives /
250 ## - EDITION STATEMENT
Edition statement 1 /
260 ## - PUBLICATION, DISTRIBUTION, ETC. (IMPRINT)
Place of publication :
Name of publisher MacMillan and Company Limited ,
Year of publication 1948.
300 ## - PHYSICAL DESCRIPTION
Number of Pages 366 ; .
700 1# - ADDED ENTRY--PERSONAL NAME
Personal name Hinde, M .
942 ## - ADDED ENTRY ELEMENTS (KOHA)
Koha item type Books
Holdings
Withdrawn status Lost status Damaged status Home library Current library Date acquired Full call number Accession Number Koha item type
      KAUAET KAUAET 07/04/2012 629.25 HIN/EL 3816 Books
free website counter